Psychologie-Lexikon

Enregistré dans:
Détails bibliographiques
Autres auteurs: Tewes, Uwe, Wildgrube, Klaus
Format: Livre
Langue:allemand
Publié: München Oldenbourg 1992
Édition:1. Aufl.
Sujets:
Tags: Ajouter un tag
Pas de tags, Soyez le premier à ajouter un tag!

MARC

LEADER 00000nam a2200000 4500
001 c010262
005 20221214091900.6
020 |a 3-486-20947-7 
041 0 |a ger 
044 |a DE 
245 1 0 |a Psychologie-Lexikon  |c Edit. Uwe Tewes, Klaus Wildgrube 
250 |a 1. Aufl. 
264 1 |a München  |b Oldenbourg  |c 1992 
300 |a 428 s. 
610 2 0 |a terminológia 
610 2 0 |a psychológia 
700 1 |a Tewes, Uwe 
700 1 |a Wildgrube, Klaus